Представление документа в формате RUSMARC

ПолеНазваниеЗначение
  Тип записи a
  Библиографический уровень c
001 Контрольный номер RU/SLIB/B/208780624
005 Дата корректировки 20241118112116.1
010 Индекс ISBN __
d Цена 2-30
101 Язык документа 0_
a Язык текста rus
200 Заглавие и сведения об ответственности 1_
a Заглавие Собрание сочинений
e Сведения, относящиеся к заглавию в 4 т.
f Первые сведения об ответственности С. П. Залыгин
b Общее обозначение материала Текст
h Номер части Т. 3
i Наименование части Южно-американский вариант
i Наименование части Оська - смешной мальчик
i Наименование части Мой поэт
i Наименование части Свидетели
210 Выходные данные 1_
a Место издания М.
c Издательство Молодая гвардия
d Дата издания 1980
215 Физическое описание __
a Объем 543 с.
327 Примечание о содержании 0_
a Примечание о содержании Южно-американский вариант
606 Тематические рубрики __
a Основная рубрика Художественная литература
z Хронологическая подрубрика 20 в.
y Географическая подрубрика Россия
606 Тематические рубрики __
a Основная рубрика Русская литература XX в. (произведения)
610 Ключевые слова 0_
a Ключевые слова повести; романы; проза; прозаики; писатели; тема крестьянства; тема деревни; рассказы
686 Индексы других классификаций __
a Классификационный индекс 84(2Рос=Рус)6-4
700 Автор _1
a Фамилия Залыгин
b Имя С. П.
4 Код отношения 070
801 Источник записи _0
a Страна RU
b Организация Муниципальное бюджетное учреждение культуры "Централизованная библиотечная система" г. Сургут (Центральная городская библиотека им. А. С. Пушкина)
g Правила каталогизации КиК/Елгина
801 Источник записи _1
a Страна RU
b Организация Муниципальное бюджетное учреждение культуры "Централизованная библиотечная система" г. Сургут (Центральная городская библиотека им. А. С. Пушкина)
g Правила каталогизации КиК/Елгина
852 Данные о местонахождении __
j Шифр хранения 84(2Рос=Рус)6-4
i Авторский знак З-24
p Инвентарный номер 6818
901 Тип документа __
t Тип документа x
969 Тип издания __
a Тип издания сборник
990 Данные о заказе (DOS) __
j Количество экземпляров (DOS) 2
t N записи в КСУ для И/У (DOS) 199101